El calendario Maya : su origen y su filosofía /
Gardado en:
| Autor Principal: | |
|---|---|
| Formato: | Desconocido |
| Idioma: | Spanish |
| Publicado: |
San José, Costa Rica :
Ediciones Liga Maya,
1995.
|
| Edición: | 1. edición |
| Materias: | |
| Etiquetas: |
Engadir etiqueta
Sen Etiquetas, Sexa o primeiro en etiquetar este rexistro!
|
MARC
| LEADER | 000000000a22000000004500 | ||
|---|---|---|---|
| 001 | 003054 | ||
| 020 | |a 9977121281 | ||
| 041 | 0 | |a spa | |
| 082 | 0 | 4 | |a 529.32 |b C117c |
| 100 | 1 | |a Cabrera, Edgar | |
| 245 | 1 | 3 | |a El calendario Maya : |b su origen y su filosofía / |c Edgar Cabrera. |
| 250 | |a 1. edición | ||
| 260 | 1 | |a San José, Costa Rica : |b Ediciones Liga Maya, |c 1995. | |
| 300 | |a 318 páginas : |b ilustraciones | ||
| 650 | 4 | |a CALENDARIO MAYA | |
| 999 | |c 9367 |d 9367 | ||
| 942 | |c BK |h 529.32 C117c |2 z | ||



